000 00582nam a2200193Ia 4500
008 151121s9999||||xx |||||||||||||| ||und||
082 _a813-/पानव
082 _bHNW-13909
100 _aपानवलकर श्री।दा।
245 _aगजगा
260 _b"पाठक प्रकाशन, मुंबई।"
260 _c--
300 _a144
600 _aपानवलकर श्री।दा।
630 _aगजगा
700 _aपानवलकर श्री।दा।
730 _aगजगा
942 _cBOOK
999 _c1217757
_d1217754